000 00292nam a22001337a 4500
008 170613b xxu||||| |||| 00| 0 eng d
020 _a9780060541644
041 _aeng
080 _a94(7/8)
100 _a17
101 _aSHH
245 _a"A PROBLEM FROM HELL"
_cPOWER,S
942 _2udc
_cBK
999 _c17175
_d17175